000
00201nam a2200073Ia 4500
008
170817s9999 xx 000 0 und d
100
_a
Ratho.T.N
245
0
_a
Emerging Trends In Teaching Chemistry
260
_b
Kanishka Publishers Delhi
999
_c
39141
_d
39141